[Event "World-ch30-KK1 Karpov-Kasparov +5-3=40"]
[Site "Moscow"]
[Date "1984.12.28"]
[Round "36"]
[White "Kasparov, Garry"]
[Black "Karpov, Anatoly"]
[Result "1/2-1/2"]
[WhiteElo "2710"]
[BlackElo "2700"]
[PlyCount "81"]
[EventDate "1984.09.10"]
[EventType "match"]
[EventRounds "48"]
[EventCountry "URS"]
[SourceTitle "MainBase"]
[Source "ChessBase"]
[SourceDate "1999.07.01"]
[SourceVersion "2"]
[SourceVersionDate "1999.07.01"]
[SourceQuality "1"]

1. d4 Nf6 2. c4 e6 3. Nf3 d5 4. Nc3 Be7 5. Bg5 h6 6. Bh4 O-O 7. e3 b6 8. Be2 Bb7 9. Rc1 dxc4 10. Bxc4 Nbd7 11. O-O c5 12. dxc5 Nxc5 13. Qe2 a6 14. Rfd1 Qe8 15. Ne5 ({RR} 15. a3 Nfe4 16. Nxe4 Nxe4 17. Bxe7 Qxe7 18. Nd4 Rfc8 {½-½ (18) Kortschnoj,V (2665)-Karpov,A (2725) Baguio City 1978}) 15... b5 16. Nxb5 axb5 17. Bxb5 Ba6 $146 ({RR} 17... Qb8 18. Rxc5 Bxc5 19. Bxf6 gxf6 20. Nd7 Qc7 21. Rc1 Rfd8 22. Rxc5 Qd6 23. Qg4+ Kh7 24. Nxf6+ Kh8 25. Qh4 Kg7 26. Rg5+ Kxf6 27. Rg8+ Kf5 28. Qh5+ Kf6 29. Qxh6+ {1-0 (29) Szilagyi,P (2405)-Boensch,U (2530) Budapest 1987}) 18. Rxc5 Bxc5 19. Bxa6 Qa4 20. Bxf6 gxf6 21. Bb5 Qxa2 22. Nd7 Be7 23. Qg4+ Kh8 24. Nxf8 Bxf8 25. Qf3 Be7 26. Bc4 Qa7 27. Qh5 Kg7 28. Qg4+ Kf8 29. Bf1 Rd8 30. Rc1 Qb8 31. Rc2 f5 32. Qe2 Kg7 33. g3 Rc8 34. h3 Rxc2 35. Qxc2 Bf6 36. b3 Qb4 37. Qd1 Qc3 38. Kg2 Qc6+ 39. Kh2 Qc5 40. Be2 Be7 41. Kg2 1/2-1/2

[Event "World Cup"]
[Site "Belfort"]
[Date "1988.06.??"]
[Round "12"]
[White "Karpov, Anatoly"]
[Black "Short, Nigel D"]
[Result "1/2-1/2"]
[WhiteElo "2715"]
[BlackElo "2630"]
[PlyCount "93"]
[EventDate "1988.06.??"]
[EventType "tourn"]
[EventRounds "15"]
[EventCountry "FRA"]
[EventCategory "15"]
[SourceTitle "CBM 008"]
[Source "ChessBase"]
[SourceDate "1989.02.01"]
[SourceVersion "1"]
[SourceVersionDate "1989.02.01"]
[SourceQuality "1"]

1. d4 {Ftacnik,Lubomir} Nf6 2. c4 e6 3. Nf3 d5 4. Nc3 Be7 5. Bg5 h6 6. Bh4 O-O 7. e3 b6 8. Be2 Bb7 9. Bxf6 Bxf6 10. cxd5 exd5 11. b4 c6 12. O-O Re8 13. Qb3 Qd6 14. Bd3 ({RR} 14. Rfe1 Nd7 15. e4 dxe4 16. Bc4 exf3 17. Bxf7+ Kf8 18. Bxe8 Rxe8 19. Rxe8+ Kxe8 20. Ne4 Qxd4 21. Re1 Kd8 22. gxf3 Qd5 23. Qa4 a6 24. Rd1 Bd4 25. b5 c5 26. bxa6 Bc6 27. Qa3 Ne5 28. a7 Ba8 {Makov,A (2018)-Galaktionov,A (2302) Chelyabinsk RUS 2023 0-1 (37)}) ({RR} 14. Rfe1 Nd7 15. Bf1 Be7 ({RR} 15... a5 16. bxa5 Rxa5 17. e4) 16. Rab1 a5 17. bxa5 Rxa5 18. a4 Ba6 ({RR} 18... Raa8 19. e4) 19. Bxa6 Rxa6 20. e4 dxe4 21. Nxe4 Qg6 ({RR} 21... Qd5 22. Qxd5 cxd5 23. Nd6) 22. Re3 Rb8 ({RR} 22... c5 23. Qb5 Ra7 24. Ne5) 23. Nc3 Bd6 24. Qc4 b5 ({RR} 24... Ra7 25. Rbe1) 25. axb5 cxb5 26. Rxb5 Ra1+ 27. Re1 Rxe1+ 28. Nxe1 Re8 {Karpov,A (2715)-Boensch,U (2490) Baden-Baden 1992 CBM 033 [Ftacnik,Lubomir] 1-0 (41)} ({RR} 28... Rxb5 29. Qxb5)) ({RR} 14. a4 Nd7 15. a5 b5 ({RR} 15... Rad8 16. axb6 axb6 17. Ra7 Qb8 18. Ra2 ({RR} 18. Rfa1 b5 19. Ne1 Nb6 20. Nd3 Na4 21. Ra5 Bxd4 22. exd4 Nxc3 23. Qxc3 Rxe2 24. Ne5) 18... b5 19. Ne1 Be7 20. Nd3 Bd6 21. g3 Nb6 22. Bf3 Bc8 23. Rfa1 Bf5 24. Nc5) 16. Ne1 ({RR} 16. Rac1 a6 17. Rc2 h5 18. Bd3 h4 19. Re1 Be7 20. Rb2 Qf6 21. e4 h3 22. e5 Qe6 23. g3 Nf8 24. Ne2) 16... Nf8 17. Nd3 Bc8 18. Nc5 Bd8 19. Rfe1 Ne6 20. Bf1 Bc7 21. f4 Nxc5 22. bxc5 Qf6 23. g3 g5 24. fxg5) ({RR} 14. Ne1 Nd7 15. Nd3 a5 16. a3 axb4 17. axb4 b5 18. Bg4 Nb6 19. Nc5 Qc7 20. Rfd1 Reb8 21. Rxa8 Rxa8 22. e4 dxe4 23. N3xe4 Be7 24. Bh5) ({RR} 14. Rac1 Nd7 15. Ne1 ({RR} 15. Rfd1 Rad8 16. Ne1 Nf8 ({RR} 16... b5 17. a4 a6 18. a5 Be7 19. Nd3 Qe6 20. Bf3 Bd6 21. Ne2 Bb8 22. Rc3 Qd6 23. g3 g6 24. Rdc1) 17. b5 c5 18. dxc5 bxc5 19. Bf3 c4 20. Qa4 Qc5 21. Ne2 Ne6 22. Nd3 cxd3 23. Rxc5 Nxc5 24. Qxa7) 15... Nf8 16. Nd3 Rac8 17. Rfd1 Rc7 18. Nf4 Ne6 19. Nxe6 Rxe6 20. Bf3 Bd8 21. b5 Qf8 22. bxc6 Rexc6 23. Rc2 Rc4 24. a3) ({RR} 14. Rad1 Nd7 15. Rfe1 Rad8 16. Bf1 Be7 17. a3 Nf6 18. Ne5 Bc8 19. b5 c5 20. Nc6 c4 21. Qc2 Rd7 22. e4 Qc7 23. Nxd5 Nxd5 24. exd5) ({RR} 14. Rfd1 Nd7 15. Ne1 Nf8 16. Rac1 Ne6 17. Bf1 h5 18. g3 h4 19. Bg2 hxg3 20. hxg3 b5 21. a4 a6) 14... Nd7 15. Rfe1 g6 $146 ({RR} 15... Be7 16. Rab1 Bf8 17. e4 a5 18. a3 axb4 19. axb4 g6 20. h3 Bg7 21. exd5 {½-½ (21) Speelman,J (2625)-Short,N (2630) Belfort 1988}) ({RR} 15... Be7 16. Rab1 Bf8 17. e4 a5 18. a3 axb4 19. axb4 g6 20. h3 Bg7) ({RR} 15... Be7 16. Rab1 a5 17. a3 axb4 18. axb4 Bf8 19. h3 g6 20. e4 Bg7 21. e5 Qe6 22. Ne2 Nf8 23. Nf4 Qd7 24. Rbc1 Rac8 25. Rc2 Ne6 26. Nxe6 Qxe6 27. Ra1 Ra8 28. Rca2 b5 29. Bc2 Rxa2 30. Rxa2 {Cvitan,O (2525)-Atalik,S (2415) Forli 1990 1-0 (59)}) 16. e4 Bg7 17. e5 Qe6 18. Ne2 Nf8 19. g3 Qd7 20. Nf4 Rac8 21. Rac1 Rc7 22. Bf1 Qd8 23. Bh3 Bc8 24. Bxc8 Qxc8 25. b5 Ne6 26. Nxe6 Qxe6 27. bxc6 Rec8 28. Qa4 a5 29. Qb5 Rxc6 30. Rxc6 Rxc6 31. Kg2 Bf8 32. Rb1 Be7 33. Qa6 Kg7 34. h3 h5 35. Rb3 g5 36. a4 Qf5 37. Qe2 g4 38. hxg4 hxg4 39. Nh2 Rg6 40. f3 Rc6 41. fxg4 Qh7 42. Rb2 Bg5 43. Nf3 Rc1 44. Ng1 Rc3 45. Nf3 Rc1 46. Ng1 Rc3 47. Nf3 1/2-1/2

[Event "Turin International"]
[Site "Turin"]
[Date "1982.06.20"]
[Round "13"]
[White "Portisch, Lajos"]
[Black "Karpov, Anatoly"]
[Result "1/2-1/2"]
[WhiteElo "2630"]
[BlackElo "2720"]
[PlyCount "29"]
[EventDate "1982.06.04"]
[EventType "tourn"]
[EventRounds "14"]
[EventCountry "ITA"]
[EventCategory "16"]
[SourceTitle "MCD"]
[Source "ChessBase"]
[SourceDate "1999.07.01"]
[SourceVersion "1"]
[SourceVersionDate "1999.07.01"]
[SourceQuality "1"]

1. d4 Nf6 2. c4 e6 3. Nf3 d5 4. Nc3 Be7 5. Bg5 h6 6. Bh4 O-O 7. e3 b6 8. Rc1 Bb7 9. Be2 dxc4 10. Bxc4 Nbd7 11. O-O c5 12. Qe2 a6 13. a4 cxd4 14. exd4 Nh5 ({RR} 14... Re8 15. Rfe1 Nf8 16. Rcd1 Ng6 17. Bg3 Bb4 18. Ne5 Nxe5 19. dxe5 Nd5 20. Nxd5 Bxd5 21. Bxd5 exd5 22. Rf1 Qd7 23. Qc2 d4 24. Qb3 Bc5 25. Rd3 b5 26. axb5 {½-½ (26) Ljubojevic,L (2566)-Topalov,V (2718) Monte Carlo 2001}) ({RR} 14... Re8 15. Rfd1 Nf8 16. Ne5 Nd5 17. Bg3 Nd7 18. Ne4 N7f6 19. Bd3 Nb4 20. Bb1 Nxe4 21. Bxe4 Bxe4 22. Qxe4 Qd5 23. Qf4 Rf8 24. Qg4 f5 25. Qh5 f4 26. Bh4 Rf5 27. Qg4 h5 28. Qh3 g5 29. Ng6 {Oliveira,M (2005)-Elias,R (1846) Lisbon 2020 1-0 (64)}) 15. Bxe7 $146 ({RR} 15. Bg3 Nxg3 16. hxg3 Nf6 17. Rfd1 Qd6 18. Ne5 Rfd8 {½-½ (18) Andersson,U (2590)-Ljubojevic,L (2615) Biel 1985}) 1/2-1/2

[Event "World-ch28 Karpov-Kortschnoj +6-5=21"]
[Site "Baguio City"]
[Date "1978.07.18"]
[Round "1"]
[White "Kortschnoj, Viktor Lvovich"]
[Black "Karpov, Anatoly"]
[Result "1/2-1/2"]
[WhiteElo "2665"]
[BlackElo "2725"]
[PlyCount "36"]
[EventDate "1978.07.18"]
[EventType "match"]
[EventRounds "32"]
[EventCountry "PHI"]
[SourceTitle "MainBase"]
[Source "ChessBase"]
[SourceDate "1999.07.01"]
[SourceVersion "2"]
[SourceVersionDate "1999.07.01"]
[SourceQuality "1"]

1. c4 Nf6 2. Nc3 e6 3. Nf3 d5 4. d4 Be7 5. Bg5 h6 6. Bh4 O-O 7. e3 b6 8. Rc1 Bb7 9. Bd3 ({RR} 9. Be2 dxc4 {½-½ (17) Foisor,O (2430)-Spasov,V (2415) Nikaia 1985}) 9... dxc4 10. Bxc4 Nbd7 11. O-O c5 12. dxc5 Nxc5 13. Qe2 a6 14. Rfd1 Qe8 15. a3 Nfe4 16. Nxe4 Nxe4 17. Bxe7 Qxe7 18. Nd4 $146 ({RR} 18. h3 b5 19. Ba2 Rfd8 20. Rxd8+ Rxd8 21. Rd1 Rxd1+ 22. Qxd1 Qd6 23. Qxd6 Nxd6 24. Kf1 Kf8 25. Ke2 Ke7 26. g3 Ne4 27. Nd2 Nxd2 28. Kxd2 {½-½ (28) Petrosian,A (2470)-Lputian,S (2540) Tashkent 1984}) 18... Rfc8 1/2-1/2

[Event "Tilburg"]
[Site "Tilburg"]
[Date "1994.??.??"]
[Round "5"]
[White "Karpov, Anatoly"]
[Black "Georgiev, Kiril"]
[Result "1-0"]
[WhiteElo "2780"]
[BlackElo "2615"]
[Annotator "Donev,Ivo Hristov"]
[PlyCount "67"]
[EventDate "1994.09.??"]
[EventType "k.o."]
[EventRounds "7"]
[EventCountry "NED"]
[SourceTitle "CBM 044"]
[Source "ChessBase"]
[SourceDate "1995.02.01"]
[SourceVersion "1"]
[SourceVersionDate "1995.02.01"]
[SourceQuality "1"]

1. d4 {Dautov,Rustem Ftacnik} Nf6 2. c4 e6 3. Nf3 d5 4. Nc3 Be7 5. Bg5 h6 6. Bh4 O-O 7. e3 b6 8. Be2 Bb7 9. Bxf6 Bxf6 10. cxd5 exd5 11. b4 c6 {Schwarz vermeidet die Vereinfachung des Spiel nach 11...c5 und strebt ein kompliziertes Mittelspiel an, in dem er hinter der Mauer d5-c6-b6 günstig umgruppieren kann.} 12. O-O Qd6 ({RR} 12... a5 13. bxa5 Rxa5 14. a4 ({RR} 14. Qb3 Bc8 15. Na4 Ba6 16. Bxa6 Nxa6 17. Rab1 b5) 14... Bc8 15. Qc2 Be6 16. Rfd1 Nd7 17. h3 Be7 18. Bd3 Re8) 13. Qb3 Nd7 {Weiß hat hauptsächlich zwei Pläne: 1.Spiel im Zentrum. Vorbereitung und Durchsetzen des Durchbruchs im Zentrum mit e3-e4, wobei nach dem Abtausch de4 der d4-Bauer schwach wird (besonders beim Türmeabtausch!!). Vorteile für} 14. Rfe1 {Jetzt ist klar, daß Karpov den Vorstoß im Zentrum vorbereitet.} Be7 (14... a5 15. bxa5 Rxa5 16. a4 Bd8 17. Bf1 Nf6 18. g3 Bc7 $10) 15. Rab1 a5 {Schwarz versucht, am Damenflügel Gegenspiel zu bekommen.} 16. bxa5 (16. b5 c5 $1 $10) (16. a3 axb4 17. axb4) 16... Rxa5 17. a4 (17. e4 Ra3 18. Qc2 dxe4 19. Nxe4 Qf4 $10) 17... Re8 $146 ({RR} 17... Bd8 18. e4 dxe4 19. Nxe4 Qf4 20. Ned2 Ra7 21. Bc4 c5 22. d5 Nf6 23. Nf1 Ba6 24. Rbc1 Re8 25. Ne3 Re4 26. Nd2 Rd4 27. g3 Qc7 28. Bxa6 Rxd2 29. Bb5 Qc8 30. Qb4 Ra2 31. Qb3 Rd2 32. Qb4 {Naumann,A (2235)-Pfleger,H (2500) Germany 1995 ½-½ (33)}) ({RR} 17... Rfa8 18. Bd3 Ba6 19. Bf5 ({RR} 19. Bxa6 R8xa6 20. e4 dxe4 21. Nxe4 Qg6 22. Nc3) 19... b5 ({RR} 19... Bc4 20. Qc2 b5 21. e4 ({RR} 21. Bxd7 Qxd7 22. Ne5 Qc8 23. Nxc4 bxc4) ({RR} 21. axb5 cxb5) 21... b4 22. e5 Qc7 23. e6 Nf8 24. exf7+ Kxf7 25. Ne5+ Kg8) 20. Bxd7 Qxd7 21. Ne5 Qd6 22. axb5 Bxb5 23. Qc2 Ba6 ({RR} 23... Bf6 24. Nxb5 cxb5 ({RR} 24... Rxb5 25. Qxc6) 25. Nd3) 24. Rb6 Bf6 ({RR} 24... Rc8 25. Qf5) 25. Rxc6 Qd8 ({RR} 25... Qe7 26. f4 ({RR} 26. Nf3 Qb7 27. Rc5 Rxc5 28. dxc5 Bc4) ({RR} 26. Ng4 Bxd4) 26... Bb7 27. Nxd5 Rxd5 28. Rc7) 26. Ng4 Be7 27. Rb1 Bd6 28. e4 dxe4 29. Qxe4 Ra7 30. Ne3 Rh5 ({RR} 30... Bb7 31. Rxd6 Qxd6 32. Rxb7 Rxb7 33. Qxb7 Qxd4) 31. h3 Bf8 32. Rcb6 {Li,W (2497)-Baramidze,D (2390) Groningen 2002 CBM 093 [Dautov,Rustem] 1-0 (34)}) 18. Bf1 (18. e4 {Ftacnik} dxe4 19. Nxe4 (19. Bc4 $6 exf3 20. Bxf7+ Kf8 21. Bxe8 Kxe8 22. Qg8+ Nf8 $17) 19... Qg6 $13) 18... Bf8 (18... Ba6 {Ftacnik}) ({RR} 18... Ba6 19. Bxa6 Rxa6 20. e4 dxe4 21. Nxe4 Qg6 22. Re3 Rb8 23. Nc3 Bd6 24. Qc4 b5 ({RR} 24... Raa8) 25. axb5 cxb5 26. Rxb5 Ra1+ 27. Re1) 19. Qc2 (19. e4 {Ftacnik} dxe4 20. Nxe4 Qf4 (20... Qg6 $2 21. Nh4 Qh5 (21... Qg4 22. g3 Rxe4 23. f3 Rxe1 24. fxg4 Rxb1 25. Qxb1 Rxa4 26. Nf3 $16) 22. Ng3 Qxh4 23. Rxe8 $16) 21. Nf6+ (21. Bd3 $13) 21... Nxf6 22. Rxe8 Nxe8 23. Qxb6 Rxa4 24. Qxb7 Qc7 $10) 19... g6 20. e4 dxe4 21. Nxe4 Qf4 22. Bc4 $1 Bg7 (22... c5 $2 {Ftacnik} 23. Ng3 Rxe1+ 24. Rxe1 Bxf3 25. Qxg6+ Kh8 26. Bxf7 Qg5 27. gxf3 cxd4 28. Re8 $16) 23. Re2 (23. Ng3 {Ftacnik} Rxe1+ 24. Rxe1 b5 $1 $132) 23... c5 (23... Rea8 24. Bb3 Nf6 25. Ne5 $1 $16) (23... b5 {Ftacnik} 24. Bb3 $14) 24. d5 Raa8 (24... Rea8 $5 25. Bb3 Ne5 26. Nxe5 Bxe5 $132) 25. Rbe1 $16 Rad8 (25... Ne5 {Ftacnik} 26. Nxe5 Rxe5 27. Qb3 Rae8 28. f3 $1 $16) 26. Qb3 {a5} Ba8 27. g3 Qb8 (27... Qg4 28. h3 $1 Qh5 (28... Qxh3 $2 29. Neg5 $1 $18 {mit Doppelangriff e8 oder h3.}) 29. Kg2 $16) 28. d6 {Räumt die Diagonale a2-g8.} Rf8 {} (28... Rxe4 29. Bxf7+ Kh7 30. Rxe4 Bxe4 31. Rxe4 Nf6 (31... Nf8 $142 32. Ne5 $16 (32. h4 $16 {Ftacnik})) 32. Bxg6+ $3 Kxg6 (32... Kh8 33. Ne5 $18 (33. Ne5 Nxe4 34. Nf7+ Kg8 35. Nxh6+ Kh8 36. Qg8+ Rxg8 37. Nf7#)) 33. Re7 Kh7 (33... Ne8 34. Qc2+ (34. Qd3+ Kf6 35. Qc3+ Kg6 36. Nh4+ Kh7 37. Nf5 $18) 34... Kf6 35. Qc4 Kg6 36. Qe4+ $18) 34. Qd3+ Kg8 (34... Kh8 35. Qg6 Rg8 36. Ne5 $18) 35. Qg6 Ne8 36. d7 $18) 29. Bxf7+ $3 $18 Rxf7 30. Neg5 hxg5 31. Nxg5 Rdf8 (31... Qxd6 32. Qxf7+ Kh8 33. Re7 Rg8 34. Rxd7 Qc6 35. Qxg7+ $1 Rxg7 36. Re8+ Rg8 37. Rh7#) 32. Re8 $1 (32. Nxf7 {Ftacnik} Nf6 $13) 32... Qxd6 (32... Rxe8 {Ftacnik} 33. Qxf7+ Kh8 34. Rxe8+ $18) (32... c4 {Ftacnik} 33. Qxc4 Ne5 34. R1xe5 Qb7 35. Qxf7+ Qxf7 36. Nxf7 Bxe5 37. Rxf8+ Kxf8 38. Nxe5 $18) (32... Qb7 {Ftacnik} 33. Qxf7+ Kh8 34. Rxa8 Qxa8 35. Qxg6 Nf6 36. Re7 $18) 33. Qxf7+ Kh8 34. Ne6 1-0

[Event "Interpolis-06"]
[Site "Tilburg"]
[Date "1982.10.06"]
[Round "5"]
[White "Timman, Jan H"]
[Black "Karpov, Anatoly"]
[Result "1/2-1/2"]
[WhiteElo "2655"]
[BlackElo "2720"]
[PlyCount "54"]
[EventDate "1982.09.30"]
[EventType "tourn"]
[EventRounds "11"]
[EventCountry "NED"]
[EventCategory "14"]
[SourceTitle "MCD"]
[Source "ChessBase"]
[SourceDate "1999.07.01"]
[SourceVersion "1"]
[SourceVersionDate "1999.07.01"]
[SourceQuality "1"]

1. c4 e6 2. Nc3 d5 3. d4 Nf6 4. Bg5 Be7 5. e3 h6 6. Bh4 O-O 7. Nf3 b6 8. Be2 Bb7 9. Bxf6 Bxf6 10. cxd5 exd5 11. O-O Be7 ({RR} 11... c6 12. Qc2 Re8 13. Rad1 Na6 14. Rfe1 g6 15. Bxa6 Bxa6 16. e4 Bg7 17. exd5 Rxe1+ 18. Rxe1 cxd5 19. Ne5 Bb7 20. Re3 Qc7 21. Nf3 Bf6 22. h4 h5 23. g3 Kg7 24. Qd2 a6 25. Ne2 Rc8 26. Rc3 {Nikolic,P (2659)-Short,N (2683) Wijk aan Zee 2000 ½-½ (35)}) ({RR} 11... Qd6 12. Rc1 a6 13. Bd3 Re8 14. Re1 Nd7 15. e4 dxe4 16. Nxe4 Qf4 17. g3 Qg4 18. Rxc7 Bxe4 19. Bxe4 Rxe4 20. Rxe4 Qxe4 21. Rxd7 Qe6 22. Ne5 Re8 23. b3 Bxe5 24. dxe5 Qxe5 25. Qf3 Qe6 26. Rb7 {Yu,Y (2713)-Tabatabaei,M (2623) Berlin 2022 ½-½}) ({RR} 11... Qd6 12. Rc1 a6 13. a3 Nd7 14. b4 b5 15. Ne1 c6 16. Nd3 Nb6 17. a4 Bd8 18. Nc5 Bc8 19. a5 Bc7 20. g3 Nc4 21. e4 Bh3 22. Re1 dxe4 23. N3xe4 Qg6 24. Bh5 Qh7 25. Qf3 f5 26. Nc3 {Karpov,A-Spassky,B Leningrad 1974 1-0 (35)}) 12. Qb3 c6 13. Rad1 $146 ({RR} 13. a4 a5 14. Ne5 Na6 15. e4 Nb4 16. exd5 cxd5 17. Rac1 Bd6 18. Nb5 Re8 19. f4 Ba6 20. Bh5 Re7 21. Rc3 Bxb5 22. axb5 Qe8 23. Rfc1 Bxe5 24. fxe5 Qxb5 25. Rg3 Rf8 26. Qf3 Re6 27. Rc7 Qe8 {Berkes,F (2597)-Dervishi,E (2491) Frascati 2006 1-0 (34)}) 13... Nd7 14. Rfe1 Nf6 15. Ne5 Qd6 16. f4 c5 17. dxc5 Qxc5 18. Bf3 Rad8 19. Rd4 Bd6 20. Nd3 Qc7 21. Nb5 Qb8 22. Nxd6 Rxd6 23. Nb4 Rfd8 24. Red1 Qc7 25. h3 Qe7 26. Qa3 Re6 27. Nxd5 Rxd5 1/2-1/2

[Event "YUG-chT"]
[Site "Niksic"]
[Date "1996.??.??"]
[Round "?"]
[White "Karpov, Anatoly"]
[Black "Beliavsky, Alexander G"]
[Result "1-0"]
[WhiteElo "2775"]
[BlackElo "2620"]
[PlyCount "123"]
[EventDate "1996.??.??"]
[EventType "team"]
[EventRounds "12"]
[EventCountry "YUG"]
[SourceTitle "EXT 2000"]
[Source "ChessBase"]
[SourceDate "1999.11.16"]
[SourceVersion "1"]
[SourceVersionDate "1999.11.16"]
[SourceQuality "1"]

1. d4 Nf6 2. c4 e6 3. Nf3 d5 4. Nc3 Be7 5. Bg5 h6 6. Bh4 O-O 7. e3 b6 8. Qb3 Bb7 9. Bxf6 Bxf6 10. cxd5 exd5 11. Rd1 c6 12. Bd3 Bc8 13. O-O Bg4 14. Ne2 $146 ({RR} 14. Rc1 Qd6 15. Nd2 Nd7 16. h3 Be6 17. f4 c5 18. Qa3 Qb8 19. Ne2 cxd4 20. exd4 Qe8 21. Nf3 Be7 22. Qb3 Nf6 23. Ne5 Bd7 24. Nc3 Bc6 25. Rfe1 Bb7 26. Nb5 Qd8 27. Rc7 Rb8 28. Rc2 Ra8 {Ikonnikov,V (2566)-Dambacher,M (2401) Belgium 2005 ½-½ (46)}) ({RR} 14. Rc1 Nd7 15. h3 Be6 16. Qc2 c5 17. Rfd1 Qe7 18. Bh7+ Kh8 19. Bf5 Rac8 20. Qd3 Rfd8 21. Ne2 c4 22. Qc2 b5 23. Nf4 Bxf5 24. Qxf5 Nb6 25. Ne5 Kg8 26. Ng4 Bg5 27. Re1 Qd7 28. Qxd7 Rxd7 {Parvu,R (2020)-Bulmaga,I (2361) Bucharest ROU 2026 0-1 (63)}) 14... Qe7 15. Bb1 Rc8 16. h3 Bxf3 17. gxf3 Nd7 18. Nf4 Nf8 19. Rd2 Rd8 20. Rc1 Rd6 21. Bf5 Bg5 22. Ng2 Rad8 23. f4 Bf6 24. Rdc2 c5 25. dxc5 bxc5 26. Rxc5 Rb6 27. Rb5 Rxb5 28. Qxb5 d4 29. b4 dxe3 30. fxe3 g5 31. Qc5 Rd6 32. Kh1 Ne6 33. Qc8+ Kg7 34. Rg1 Rd2 35. Qc4 Qd6 36. a4 Kf8 37. Qc8+ Kg7 38. Bxe6 Qxe6 39. Qxe6 fxe6 40. Rc1 Kg6 41. b5 gxf4 42. Nxf4+ Kf5 43. Rc4 Bg5 44. Ng2 Ke5 45. Kg1 Kd5 46. Rc7 Ke4 47. h4 Bf6 48. Rc4+ Kd5 49. Rg4 e5 50. Rg6 Bd8 51. Rxh6 Ke4 52. Rh7 Kf3 53. Rf7+ Kg3 54. Rg7+ Kf3 55. h5 e4 56. Kh2 Bf6 57. Rg8 Be7 58. Rg3+ Kf2 59. Rg7 Bd6+ 60. Kh3 Be5 61. Rxa7 Kg1 62. Re7 1-0

[Event "Interpolis-04"]
[Site "Tilburg"]
[Date "1980.09.30"]
[Round "10"]
[White "Hort, Vlastimil"]
[Black "Karpov, Anatoly"]
[Result "1/2-1/2"]
[WhiteElo "2595"]
[BlackElo "2725"]
[PlyCount "38"]
[EventDate "1980.09.19"]
[EventType "tourn"]
[EventRounds "11"]
[EventCountry "NED"]
[EventCategory "15"]
[SourceTitle "MCD"]
[Source "ChessBase"]
[SourceDate "1999.07.01"]
[SourceVersion "1"]
[SourceVersionDate "1999.07.01"]
[SourceQuality "1"]

1. d4 Nf6 2. c4 e6 3. Nf3 d5 4. Nc3 Be7 5. Bg5 h6 6. Bh4 O-O 7. e3 b6 8. cxd5 Nxd5 9. Bxe7 Qxe7 10. Rc1 Bb7 11. Bd3 Rc8 12. O-O Nxc3 13. Rxc3 Nd7 14. Qe2 c5 15. Ba6 cxd4 16. Rxc8+ Bxc8 17. Nxd4 Bxa6 18. Qxa6 Nc5 19. Qc4 a5 $146 ({RR} 19... Qd7 20. b4 Ne4 21. Rc1 Nd6 22. Qa6 Rc8 23. Rd1 Nf5 24. Qf1 {½-½ (24) Halkias,S (2525)-Gavrilakis,N (2425) Athens 2001}) 1/2-1/2

[Event "Linares-03"]
[Site "Linares"]
[Date "1981.01.29"]
[Round "10"]
[White "Karpov, Anatoly"]
[Black "Kavalek, Lubomir"]
[Result "1/2-1/2"]
[WhiteElo "2690"]
[BlackElo "2550"]
[Annotator "Kharitonov,Andrei Y"]
[PlyCount "37"]
[EventDate "1981.01.17"]
[EventType "tourn"]
[EventRounds "11"]
[EventCountry "ESP"]
[EventCategory "13"]
[SourceTitle "MCL"]
[Source "ChessBase"]
[SourceDate "1999.07.01"]
[SourceVersion "1"]
[SourceVersionDate "1999.07.01"]
[SourceQuality "1"]

1. d4 Nf6 2. c4 e6 3. Nc3 d5 4. Bg5 Be7 5. e3 O-O 6. Nf3 h6 7. Bh4 b6 8. cxd5 Nxd5 9. Bxe7 Qxe7 10. Nxd5 exd5 11. Rc1 (11. Be2 Be6 12. O-O c5 13. dxc5 $6 (13. Ne5 $142 Nd7 $10 {Fisher/}) 13... bxc5 14. Qa4 Qb7 15. Qa3 Nd7 16. Ne1 a5 17. Nd3 c4 $1 18. Nf4 Rfb8 $17 {Bertok,M-Fisher,R/Stockholm(izt)/1962/0:1 (31)/}) (11. Bd3 c5 $1 12. dxc5 bxc5 13. O-O Be6 14. e4 Rd8 15. exd5 Bxd5 16. Qe2 Qf6 17. Be4 $2 (17. Ne5 $10) 17... Re8 18. Nd2 Nc6 $15 {Botez,A-Lein,A/Hamburg/1965/0:1 (56)/}) 11... Be6 12. Be2 (12. Qa4 c5 13. Qa3 Rc8 14. Bb5 Qb7 15. dxc5 bxc5 16. Rxc5 Rxc5 17. Qxc5 Na6 $1 18. Bxa6 (18. Qc6 Qxc6 19. Bxc6 Rb8 $1 20. O-O Rxb2 $15 {Geller/}) 18... Qxa6 19. Qa3 Qc4 20. Kd2 Qg4 21. Rg1 d4 $1 22. Nxd4 Qh4 $40 {Timman,J-Geller,E/Hilversum/1973/0.5 (36)/}) 12... c5 13. Qa4 $5 (13. b3 $142) 13... Rc8 (13... c4 $5 14. Ne5 (14. b3 Bd7 $19) 14... a6 15. Bf3 b5 16. Qa5 Ra7 $15) 14. Qa3 a5 $5 (14... Nd7 $5) (14... Kf8 $5) 15. O-O Qa7 $1 ({RR} 15... Na6 16. Bxa6 Rxa6 17. Rc3 Kf8 18. dxc5 bxc5 19. Rfc1 c4 20. Qxe7+ Kxe7 21. Nd4 a4 22. f3 Rb8 23. b3 axb3 24. axb3 Rb4 25. bxc4 dxc4 26. h4 f5 27. Nxe6 Rxe6 28. Rxc4 Rxc4 29. Rxc4 Rxe3 30. Kf2 {Vitiugov,N (2726)-Tomashevsky,E (2710) Saratov 2011 ½-½ (31)}) ({RR} 15... Ra7 16. dxc5 bxc5 17. Rc3 c4 18. Qxe7 Rxe7 19. b3 cxb3 20. Rxc8+ Bxc8 21. axb3 Rc7 22. Ra1 Rc5 23. Nd4 Bd7 24. Kf1 Kf8 25. Ke1 Ke7 26. Kd2 Kd6 27. g4 g6 28. f4 Bc6 29. g5 hxg5 30. fxg5 {Dzindzichashvili,R (2485)-Kavalek,L (2545) Berkeley 1984 ½-½ (56)}) 16. b3 (16. dxc5 bxc5 {b6-b4/}) ({RR} 16. dxc5 bxc5 17. Ne5 Nd7 18. Nxd7 Bxd7 19. Bf3 Be6 20. Rfd1 Qb7 21. b3 Qb4 22. Qb2 c4 23. h3 a4 24. Bxd5 Bxd5 25. Rxd5 axb3 26. axb3 cxb3 27. Rb1 Ra2 28. Qxb3 Rc1+ 29. Kh2 Qxb3 30. Rxb3 Rxf2 {Ranaldi,L (2364)-Silva,K (2233) chess.com INT 2025 1-0 (72)}) 16... Nd7 $146 (16... a4 17. Ne5 Nd7 $10) ({RR} 16... a4 17. b4 c4 18. b5 Nd7 19. Rb1 Qc7 20. Rfc1 Bf5 21. Rb4 Qd6 22. Rc3 Qf8 23. Nd2 Nf6 24. f3 Qe8 25. Bd1 Bd7 26. Bxa4 Ra5 27. Qb2 Rca8 28. Qc2 Qe7 29. a3 Be8 30. e4 Qa7 31. e5 {Kovacs,L-Kurajica,B Sombor 1968 0-1 (55)}) 17. Bb5 Rc7 (17... Nf6 $5) 18. Rfd1 Rac8 19. h3 (19. Bxd7 Rxd7 20. Ne5 Rdc7 $10) (19. h3 Nf6 $5 {e4-d6 /}) 1/2-1/2

[Event "Reggio Emilia Top16 33rd"]
[Site "Reggio Emilia"]
[Date "1991.??.??"]
[Round "?"]
[White "Polugaevsky, Lev"]
[Black "Karpov, Anatoly"]
[Result "1/2-1/2"]
[WhiteElo "2610"]
[BlackElo "2725"]
[PlyCount "31"]
[EventDate "1991.01.??"]
[EventType "tourn"]
[EventRounds "14"]
[EventCountry "ITA"]
[EventCategory "16"]
[SourceTitle "CBM 022"]
[Source "ChessBase"]
[SourceDate "1991.06.01"]
[SourceVersion "1"]
[SourceVersionDate "1991.06.01"]
[SourceQuality "1"]

1. d4 Nf6 2. c4 e6 3. Nf3 d5 4. Nc3 Be7 5. Bg5 h6 6. Bh4 O-O 7. e3 b6 8. cxd5 ({RR} 8. Rc1 Bb7 9. cxd5 Nxd5 10. Bxe7 {½-½ (12) Adorjan,A (2550)-Lputian,S (2585) Shenzhen 1992}) 8... Nxd5 9. Bxe7 Qxe7 10. Rc1 Bb7 11. Be2 Rc8 12. O-O Nf6 13. Ne5 $146 ({RR} 13. Qd2 Rd8 14. Qc2 Nbd7 15. e4 c5 16. Rcd1 Rac8 17. d5 exd5 18. exd5 Ne5 19. Rfe1 Nxf3+ 20. Bxf3 Qd7 21. h3 b5 22. Ne4 Nxe4 23. Rxe4 Qd6 24. Bg4 Rb8 25. Bf3 Rbc8 26. Qc3 b4 27. Qc4 Ba6 {Arakelov,I (2350)-Abramova,Y (1992) Gagarin 2009 ½-½ (34)}) ({RR} 13. Qa4 c5 14. Qa3 Nbd7 15. Rfd1 Qf8 16. Ba6 Bxa6 17. Qxa6 cxd4 18. Nxd4 Nc5 19. Qe2 Nce4 20. Nxe4 Nxe4 21. f3 Nf6 22. a3 Nd5 23. Qd2 Qe8 24. e4 Ne7 25. Qb4 Nc6 26. Qa4 Nxd4 27. Qxe8+ Rxe8 {Voicu,T (2209)-Corbu,G (2113) Eforie Nord 2025 ½-½}) 13... c5 14. Bf3 cxd4 15. Bxb7 Qxb7 16. Qxd4 1/2-1/2